| 000 | 00615nam a2200205 i 4500 | ||
|---|---|---|---|
| 001 | 36031 | ||
| 003 | ES-MaACL | ||
| 005 | 20251217063015.0 | ||
| 007 | t| | ||
| 008 | 030214s1970 sp ||||1| spa d | ||
| 080 | _a821.111(73)-34"18" | ||
| 100 | 1 |
_aHarte, Bret, _d1839-1902 _961971 |
|
| 245 | 1 | 3 |
_aEl fantasma gris / _cFrancisco Bret-Harte. |
| 260 |
_aMadrid : _bJ. Pérez del Hoyo, _c[1970] |
||
| 300 |
_a179 p. ; _c18 cm. |
||
| 490 | 1 |
_a100 Clásicos Universales ; _v59 |
|
| 830 | 0 |
_a100 Clásicos Universales ; _v59 _9181952 |
|
| 852 |
_aES-MaACL _jC-50192 _bR.75421 |
||
| 999 |
_c36031 _d36031 |
||